<?xml version="1.0" encoding="UTF-8"?>
<collection xmlns="http://www.loc.gov/MARC21/slim">
 <record>
  <leader>00628nab a2200157 i 4500</leader>
  <controlfield tag="001">delm139062</controlfield>
  <controlfield tag="005">20191217132443.0</controlfield>
  <controlfield tag="008">191217s2007    hu      o     0||   hun d</controlfield>
  <datafield tag="040" ind1=" " ind2=" ">
   <subfield code="a">SZTE Délmagyarország Archívum</subfield>
   <subfield code="b">hun</subfield>
  </datafield>
  <datafield tag="041" ind1=" " ind2=" ">
   <subfield code="a">hun</subfield>
  </datafield>
  <datafield tag="100" ind1="1" ind2=" ">
   <subfield code="a">Bakos András</subfield>
  </datafield>
  <datafield tag="245" ind1="1" ind2="0">
   <subfield code="a">Visszatértek a szentesi kórházhoz </subfield>
   <subfield code="h">[elektronikus dokumentum] :</subfield>
   <subfield code="b">a szomszéd megye betegei felülírták a miniszter döntését /</subfield>
   <subfield code="c"> Bakos András</subfield>
  </datafield>
  <datafield tag="260" ind1=" " ind2=" ">
   <subfield code="c">2007-10-20</subfield>
  </datafield>
  <datafield tag="300" ind1=" " ind2=" ">
   <subfield code="a">3</subfield>
  </datafield>
  <datafield tag="490" ind1="0" ind2=" ">
   <subfield code="a">Délmagyarország</subfield>
   <subfield code="v">97 No. 246</subfield>
  </datafield>
  <datafield tag="695" ind1=" " ind2=" ">
   <subfield code="a">Szentes, Egészségügyi ellátás Tiszazug, Egészségügyi intézmény kórház, Dr. Bugyi István Kórház (Szentes)</subfield>
  </datafield>
 </record>
</collection>
